| 000 | 00454nam a2200181Ia 4500 | ||
|---|---|---|---|
| 001 | 22363 | ||
| 005 | 20260414150826.0 | ||
| 008 | 260414t2010||||xx |||||||||||||| ||spa|| | ||
| 041 | _aESP | ||
| 082 |
_a621.38 _bC225 |
||
| 100 |
_aDye, Mark A. _eAUT |
||
| 245 | 0 |
_aNetwork fundamentals : _bCCNA exploration companion guide |
|
| 260 | _c2010 | ||
| 300 |
_axxiv, 528 páginas : _c24 cm. |
||
| 650 | _aTCA | ||
| 654 | _aCET | ||
| 942 |
_cLIB _dJUS _fJUS _2ddc _n |
||
| 999 |
_c22363 _d22363 |
||